000 00540nam a2200205 a 4500
001 BRCA_6228
005 20190320205358.0
008 190711s1921----gw-ac#####---#000-0#ger-#
041 _ager
044 _agw
050 4 _aDS710
_b.S84 1921
100 1 _aSteinle, M.
_915646
245 1 0 _aMit der Nord-China-Expedition
_cvon M. Steinle.
260 _aHamburgo, Alemania
_bWeltbund
_cc1921
300 _a158 p.
_bil., retratos
_c21 cm.
500 _aK90
651 4 _aChina
_vDescripción y viajes
_915647
902 _aGFM
942 _2lcc
_cB
999 _c5915
_d5915